100 Best Golf Course Countries non-usa Quiz Stats

 Plays Quiz not verified by Sporcle

Challenge
Share
Tweet
Embed
Score 0/26 Timer 06:00
0 Plays Today
Country % Correct
England
99%
Scotland
98.1%
France
92.6%
Spain
92.3%
Canada
90.7%
Germany
90.6%
Australia
90.4%
Japan
89.3%
Wales
89%
China
87.9%
Ireland
87.4%
Mexico
85%
Italy
84.8%
Country % Correct
Northern Ireland
82.1%
South Africa
81.6%
New Zealand
77.9%
Portugal
77.5%
Argentina
69.9%
Bermuda
66.4%
South Korea
61%
Netherlands
58.4%
Belgium
55.6%
United Arab Emirates
49.4%
Dominican Republic
26.2%
Philippines
23.9%
Costa Rica
16.9%

You're not logged in!

Compare scores with friends on all Sporcle quizzes.
OR
Log In

You Might Also Like...

Show Comments

Extras

Top Quizzes Today


Score Distribution

Your Account Isn't Verified!

In order to create a playlist on Sporcle, you need to verify the email address you used during registration. Go to your Sporcle Settings to finish the process.

Report this User

Report this user for behavior that violates our Community Guidelines.

Details: